[Event "Athens Smaok op 6h"]
[Site "Athens"]
[Date "2016.04.19"]
[Round "6.7"]
[White "Anairousis, Panagiotis"]
[Black "Ntountaniotis, Dimitrios"]
[Result "1-0"]
[WhiteElo "1937"]
[BlackElo "1738"]
[PlyCount "79"]
[EventDate "2016.03.15"]
[EventType "swiss"]
[EventRounds "7"]
[EventCountry "GRE"]
[SourceTitle "EXT 2024"]
[Source "ChessBase"]
[SourceDate "2023.10.10"]
[SourceVersion "1"]
[SourceVersionDate "2023.10.10"]
[SourceQuality "1"]

1. d4 c5 2. c3 d5 3. Bf4 Nc6 4. e3 Nf6 5. h3 e6 6. Nf3 Be7 7. Nbd2 0-0 8. Be2 b6 9. 0-0 Bb7 10. Re1 Ne4 11. Nxe4 dxe4 12. Nd2 f5 13. Bc4 Rf6 14. dxc5 bxc5 15. Nb3 Kh8 16. Qxd8+ Rxd8 17. Bg5 Rff8 18. Bxe7 Nxe7 19. Nxc5 Rc8 20. b4 Bd5 21. Ba6 Rce8 22. c4 Ba8 23. Bb5 Nc6 24. Bxc6 Bxc6 25. a4 Re7 26. Red1 e5 27. Rd6 Rc8 28. Rad1 g6 29. Rd8+ Rxd8 30. Rxd8+ Kg7 31. b5 Be8 32. Rc8 Kf6 33. a5 Bf7 34. b6 axb6 35. axb6 Be6 36. Rc6 f4 37. Rxe6+ Rxe6 38. Nxe6 Kxe6 39. b7 fxe3 40. fxe3 1-0

[Event "Ambelokipi op 142nd"]
[Site "Athens"]
[Date "2014.03.12"]
[Round "2"]
[White "Dimitriou, Georgios"]
[Black "Ntountaniotis, Dimitrios"]
[Result "1-0"]
[WhiteElo "2120"]
[BlackElo "1790"]
[PlyCount "75"]
[EventDate "2014.03.05"]
[EventType "swiss"]
[EventRounds "7"]
[EventCountry "GRE"]
[SourceTitle "EXT 2016"]
[Source "ChessBase"]
[SourceDate "2015.10.08"]
[SourceVersion "1"]
[SourceVersionDate "2015.10.08"]
[SourceQuality "1"]

1. e4 c6 2. Nc3 d5 3. Nf3 Bg4 4. h3 Bxf3 5. Qxf3 d4 6. Bc4 e6 7. Ne2 b5 8. Bb3 c5 9. c4 Nd7 10. d3 Ngf6 11. Bf4 Qa5+ 12. Bd2 Qd8 13. 0-0 Ne5 14. Qg3 Bd6 15. f4 Nh5 16. Qh2 Nxd3 17. e5 Nxb2 18. g4 Nxc4 19. Bxc4 bxc4 20. gxh5 Bc7 21. Qg2 Qd5 22. Rab1 Qxg2+ 23. Kxg2 c3 24. Bc1 0-0 25. Rb5 Bb6 26. a4 Rfd8 27. a5 c2 28. axb6 axb6 29. Bd2 d3 30. Nc3 Ra6 31. Ne4 Rd5 32. Kf3 Rd4 33. Nxc5 Ra3 34. Rxb6 g6 35. h6 Kf8 36. Nb3 Rd8 37. Bb4+ Ke8 38. Bxa3 1-0

[Event "Athens Smaok 1900+ op 9th"]
[Site "Athens"]
[Date "2011.02.08"]
[Round "4.9"]
[White "Ntountaniotis, Dimitrios"]
[Black "Delithanasis, Dimitrios"]
[Result "0-1"]
[WhiteElo "1906"]
[BlackElo "2238"]
[PlyCount "140"]
[EventDate "2011.01.18"]
[EventType "swiss"]
[EventRounds "7"]
[EventCountry "GRE"]
[SourceTitle "EXT 2024"]
[Source "ChessBase"]
[SourceDate "2023.10.10"]
[SourceVersion "1"]
[SourceVersionDate "2023.10.10"]
[SourceQuality "1"]

1. Nf3 d5 2. d4 c6 3. b3 Bg4 4. Nbd2 Nd7 5. Bb2 e6 6. e3 f5 7. Be2 Bd6 8. Ne5 Bxe2 9. Qxe2 Ngf6 10. f4 0-0 11. 0-0 Ne4 12. Rf3 Ndf6 13. Nxe4 Nxe4 14. Nd3 g5 15. c4 g4 16. Rff1 Rf6 17. g3 h5 18. Nf2 Nxf2 19. Rxf2 h4 20. Rd1 Rh6 21. Rg2 Kf7 22. Bc3 hxg3 23. hxg3 Qf6 24. Kf2 Rah8 25. Rdg1 Rh3 26. Kf1 R8h5 27. c5 Be7 28. b4 Qh8 29. a4 b6 30. Qa6 Qb8 31. Rb2 Rh1 32. a5 Rxg1+ 33. Kxg1 Qh8 34. Rg2 bxc5 35. bxc5 Rh1+ 36. Kf2 Rc1 37. Bd2 Ra1 38. Qxa7 Ra2 39. Kg1 Ra1+ 40. Kf2 Rd1 41. Bc3 Rc1 42. Bd2 Rd1 43. Bc3 Rd3 44. Be1 Qh1 45. Qa6 Ra3 46. Qe2 Bd8 47. Rg1 Qe4 48. a6 Ra2 49. Bd2 Ba5 50. Rd1 Qf3+ 51. Qxf3 gxf3 52. Kxf3 Bxd2 53. a7 Bc3 54. Rc1 Ba1 55. Rh1 Kg7 56. g4 fxg4+ 57. Kxg4 Kg6 58. Rh8 Rxa7 59. Rc8 Ra6 60. Re8 Kf6 61. Rb8 Ra3 62. Rb6 Rxe3 63. Rxc6 Bxd4 64. Rc7 Rc3 65. c6 Rc4 66. Kf3 Bc5 67. Rd7 Bb6 68. f5 Kxf5 69. Rf7+ Kg6 70. Re7 Rxc6 0-1